Parthenogenesis and polyploidy in mammalian development.

Bibliographic Details
Main Author: Beatty, Richard Alan
Format: Book
Language:English
Published: Cambridge [England] : University Press, 1957.
Series:Cambridge monographs in experimental biology ; no. 7.
Subjects:

MARC

Tag First Indicator Second Indicator Subfields
LEADER 00000cam a2200000 4500
001 in00000294413
005 20151010085737.0
008 730202s1957 enka b 00000 eng d
010 |a a 58003482  
035 |a (OCoLC)00551267 
035 |9 ABG3446AM 
040 |c WSU  |d CHS  |d TXA  |d UtOrBLW 
049 |a TXAM  |c [282873] 
090 |a QH487  |b .B4 
100 1 |a Beatty, Richard Alan. 
245 1 0 |a Parthenogenesis and polyploidy in mammalian development. 
264 1 |a Cambridge [England] :  |b University Press,  |c 1957. 
300 |a xi, 131 pages :  |b illustrations ;  |c 22 cm. 
336 |a text  |b txt  |2 rdacontent 
337 |a unmediated  |b n  |2 rdamedia 
338 |a volume  |b nc  |2 rdacarrier 
490 1 |a Cambridge monographs in experimental biology,  |v no. 7 
650 0 |a Parthenogenesis in animals. 
650 0 |a Polyploidy. 
650 2 |a Parthenogenesis. 
650 2 |a Polyploidy. 
830 0 |a Cambridge monographs in experimental biology ;  |v no. 7. 
999 |a MARS 
999 f f |s b52b2531-39dc-3531-9f34-fc2d53a26d98  |i 481301aa-c1c9-3344-8b0c-589a46acf1d6  |t 0 
952 f f |p ric  |a Texas A&M University  |b Rellis Campus  |c Joint Library Facility  |d Remote Storage  |t 0  |e QH487 .B4  |h Library of Congress classification  |i unmediated -- volume  |m A14804853753 
998 f f |a QH487 .B4  |t 0  |l Remote Storage